Tập viết 3 T.2

Bewaard in:
Bibliografische gegevens
Hoofdauteur: Trần, Mạnh Hưởng
Formaat: Boek
Taal:Undetermined
Gepubliceerd in: H. Giáo dục 2004
Onderwerpen:
Online toegang:http://lrc.tdmu.edu.vn/opac/search/detail.asp?aID=2&ID=4471
Tags: Voeg label toe
Geen labels, Wees de eerste die dit record labelt!
Thư viện lưu trữ: Trung tâm Học liệu Trường Đại học Thủ Dầu Một
LEADER 00598nam a2200205Ia 4500
001 TDMU_4471
008 210410s9999 xx 000 0 und d
082 |a 372.63 
090 |b TR121 
100 |a Trần, Mạnh Hưởng 
245 0 |a Tập viết 3 
245 0 |c Trần Mạnh Hưởng 
245 0 |n T.2 
260 |a H. 
260 |b Giáo dục 
260 |c 2004 
300 |a 44tr 
650 |a Sách lớp 3; Tập viết 
856 |u http://lrc.tdmu.edu.vn/opac/search/detail.asp?aID=2&ID=4471 
980 |a Trung tâm Học liệu Trường Đại học Thủ Dầu Một